Suomenpinna havaintotietojen perusteella - Statistics

Yleistilastot
  • Tätä visaa on pelattu 95 kertaa
  • Keskiarvotulos 11 / 20
Vastaustilastot
Hint Vastaus % Oikein
Asikkala 13.10.2010 Tammitikka
90%
Tohmajärvi 15.6.2008 Siperiankurppa
84%
Ilmajoki 25.5.2003 Gobintylli
81%
Sotkamo 14.6.2015 Idänkäki
81%
Hauho 23.6.2011 Kyläpöllönen
77%
Nakkila 1.11.2016 Preeriakahlaaja
75%
Enontekiö 18.7.2021 Kamtsatkanuunilintu
73%
Parainen 20.12.2012 Kettusirkku
64%
Mustasaari 11.10.1994 Paksunokkakerttunen
61%
Sodankylä 26.5.2004 Nokisorsa
55%
Pyhtää 18.5.2011 Iberiantiltaltti
54%
Kirkkonummi 19.5.2019 Pikkupajusirkku
53%
Siikajoki 6.9.2013 Sarasirkkalintu
52%
Hanko 24.10.2004 Vaaleakiitäjä
48%
Espoo 5.9.2011 Hietakurki
43%
Oulu 31.5.1997 Preerianaurulokki
42%
Eckerö 17.5.2002 Lehmähaikara
28%
Lemland 19.12.1968 Tulipäähippiäinen
23%
Pori 1910 Aromerikotka
18%
Savonlinna 27.9.1987 Arohiirihaukka
12%
Ehtoja vastaavia visoja ei löytynyt
Tulosjakauma
Jokaisen tuloksen saaneiden osuus
Persentiili vastausten määrän mukaan
Tuloshistoriasi
Et ole pelannut tätä visaa